[Event "1st FIDE OWCCCC Pools-East 2021"]
[Site "Online"]
[Date "2021.02.19"]
[Round "1.61"]
[White "Pulakandam, Gurunadh gupta"]
[Black "Saurabh Shejwalkar"]
[Result "0-1"]
[WhiteElo "1252"]
[BlackElo "1817"]
[Annotator "NA"]
[PlyCount "70"]
[EventDate "2021.02.19"]
[EventType "team-tourn"]
[EventCountry "NET"]
[SourceTitle "playchess.com"]
[Source "ChessBase"]
[SourceQuality "1"]

1. e4 e5 2. d4 exd4 3. Qxd4 Nc6 4. Qd1 Nf6 5. Bd3 Bc5 6. h3 O-O 7. a3 Re8 8. Nc3 d5 9. Be3 d4 10. Na4 dxe3 11. Nxc5 exf2+ 12. Kf1 fxg1=Q+ 13. Kxg1 Qd4+ 14. Kh2 Qe5+ 15. Kg1 Qxc5+ 16. Kh2 Qe5+ 17. Kg1 Nxe4 18. Qf3 Nd4 19. Qf1 Ng3 20. Qf2 Nde2+ 21. Kh2 Nxh1+ 22. Kxh1 Ng3+ 23. Kg1 Ne2+ 24. Kh1 Bd7 25. Re1 Ng3+ 26. Kg1 Qxe1+ 27. Qxe1 Rxe1+ 28. Kf2 Rb1 29. c4 Rxb2+ 30. Kxg3 Bc6 31. Bf1 Rd8 32. c5 Rd1 33. Kh2 Rxf1 34. h4 Rxg2+ 35. Kh3 Rh1# 0-1

[Event "1st FIDE OWCCCC Pools-East 2021"]
[Site "Online"]
[Date "2021.02.19"]
[Round "1.62"]
[White "Amsasekar, Aravind"]
[Black "Beykok, Hasan"]
[Result "1-0"]
[WhiteElo "1791"]
[BlackElo "1431"]
[Annotator "NA"]
[PlyCount "73"]
[EventDate "2021.02.19"]
[EventType "team-tourn"]
[EventCountry "NET"]
[SourceTitle "playchess.com"]
[Source "ChessBase"]
[SourceQuality "1"]

1. d4 c6 2. c4 d5 3. Nc3 Nf6 4. Bg5 Bf5 5. e3 e6 6. Nf3 Nbd7 7. Ne5 Bd6 8. f4 h6 9. Bh4 Qc7 10. cxd5 exd5 11. Rc1 Bb4 12. a3 Bxc3+ 13. Rxc3 Ne4 14. Rc1 Nxe5 15. fxe5 g5 16. Bg3 Qa5+ 17. Rc3 Nxc3 18. bxc3 Qxc3+ 19. Qd2 Qa1+ 20. Kf2 Qxa3 21. Be2 Be4 22. h4 O-O-O 23. Bg4+ Kb8 24. e6+ Ka8 25. Bc7 Rc8 26. Be5 Rhf8 27. e7 Qxe7 28. Bxc8 Rxc8 29. Qa5 f6 30. Bg3 Rg8 31. Ra1 a6 32. hxg5 Rxg5 33. Rg1 Qg7 34. Qd8+ Ka7 35. Bb8+ Ka8 36. Bc7+ Ka7 37. Bb6# 1-0

[Event "1st FIDE OWCCCC Pools-East 2021"]
[Site "Online"]
[Date "2021.02.19"]
[Round "1.62"]
[White "Rishabh Jain"]
[Black "Rudresh G Naik"]
[Result "1/2-1/2"]
[WhiteElo "1771"]
[BlackElo "1425"]
[Annotator "NA"]
[PlyCount "141"]
[EventDate "2021.02.19"]
[EventType "team-tourn"]
[EventCountry "NET"]
[SourceTitle "playchess.com"]
[Source "ChessBase"]
[SourceQuality "1"]

1. d4 Nf6 2. Bf4 e6 3. e3 d5 4. Nf3 c5 5. Bb5+ Bd7 6. Bxd7+ Nbxd7 7. c3 cxd4 8. cxd4 Qb6 9. Qc2 Bb4+ 10. Nc3 Rc8 11. a3 Bxc3+ 12. bxc3 Ne4 13. O-O O-O 14. Rab1 Qa6 15. Qb3 Nb6 16. Rfc1 Qd3 17. Ne5 Qe2 18. Rc2 Qa6 19. Rbc1 f6 20. Nd3 Qxd3 21. h4 Nxc3 22. Rxc3 Rxc3 23. Rxc3 Qe4 24. f3 Qg6 25. g4 e5 26. h5 Qe8 27. Bg3 exd4 28. exd4 Qe2 29. Re3 Qc4 30. Qxc4 Nxc4 31. Rc3 Re8 32. Rb3 b6 33. Rb5 Rd8 34. a4 Na3 35. Rb4 Nc2 36. Bc7 Rd7 37. Rb5 Rxc7 38. Rxd5 Ne3 39. Rd8+ Kf7 40. d5 Ke7 41. Rg8 Nxd5 42. Rxg7+ Ke6 43. Rg8 Ke5 44. Kg2 Rd7 45. Kg3 Ne3 46. Re8+ Kd4 47. Re4+ Kd3 48. Re6 f5 49. g5 Rg7 50. Rd6+ Ke2 51. g6 Nf1+ 52. Kf4 hxg6 53. hxg6 Ne3 54. Re6 Kf2 55. Rxe3 Rxg6 56. Re5 Rh6 57. Rxf5 Rh4+ 58. Ke5 Rxa4 59. Rf7 Ra3 60. f4 Kg3 61. f5 Kg4 62. f6 Kg5 63. Rg7+ Kh6 64. Ke6 Re3+ 65. Kf7 a5 66. Rg6+ Kh7 67. Rg7+ Kh6 68. Rg6+ Kh7 69. Rg7+ Kh8 70. Rg8+ Kh7 71. Rg7+ 1/2-1/2

[Event "1st FIDE OWCCCC Pools-East 2021"]
[Site "Online"]
[Date "2021.02.19"]
[Round "1.62"]
[White "Sahoo Ratnakar"]
[Black "Lakshmi, Praneetha K"]
[Result "0-1"]
[WhiteElo "1044"]
[BlackElo "2039"]
[Annotator "NA"]
[PlyCount "100"]
[EventDate "2021.02.19"]
[EventType "team-tourn"]
[EventCountry "NET"]
[SourceTitle "playchess.com"]
[Source "ChessBase"]
[SourceQuality "1"]

1. e4 c5 2. Bc4 Nc6 3. c3 Nf6 4. d3 g6 5. Nf3 d6 6. h3 Bg7 7. O-O O-O 8. Re1 a6 9. a4 Bd7 10. Nbd2 Qc7 11. Nf1 Nh5 12. Bb3 Rab8 13. Bc2 e5 14. Be3 Nf4 15. d4 cxd4 16. cxd4 Nb4 17. Rc1 Qa5 18. dxe5 Bxe5 19. Nxe5 Qxe5 20. Bd4 Qg5 21. Ng3 Nxc2 22. Rxc2 Bxa4 23. Bc3 Bxc2 24. Qxc2 Rbc8 25. Qd1 Rc6 26. Qd4 f6 27. Bd2 Qe5 28. Qe3 Ne6 29. Bc3 Qg5 30. Qa7 Rc7 31. Ne2 Qb5 32. Nd4 Qc4 33. Qb6 Nxd4 34. Bxd4 Qc6 35. Qb3+ Kg7 36. Qf3 Qc4 37. Bc3 b5 38. g4 b4 39. Bd2 Qe6 40. h4 a5 41. h5 g5 42. Qh3 h6 43. f4 Rc2 44. Bc1 gxf4 45. Bxf4 Kh7 46. Bc1 Rg8 47. Kh1 Rxg4 48. Qd3 Rh4+ 49. Kg1 Qg4+ 50. Kf1 Qg2# 0-1

[Event "1st FIDE OWCCCC Pools-East 2021"]
[Site "Online"]
[Date "2021.02.19"]
[Round "1.63"]
[White "Vadhani, Nikitesh"]
[Black "Sharma, Nishtha"]
[Result "1-0"]
[WhiteElo "1613"]
[BlackElo "596"]
[Annotator "NA"]
[PlyCount "49"]
[EventDate "2021.02.19"]
[EventType "team-tourn"]
[EventCountry "NET"]
[SourceTitle "playchess.com"]
[Source "ChessBase"]
[SourceQuality "1"]

1. d4 d5 2. c4 Nf6 3. cxd5 Nxd5 4. Nf3 Nc6 5. e4 Bg4 6. exd5 Qxd5 7. Nc3 Qd7 8. d5 Nb4 9. Qb3 e5 10. Nxe5 Qf5 11. Qa4+ c6 12. Nxg4 Qxg4 13. dxc6 Rd8 14. c7+ Nc6 15. Qxg4 Bb4 16. c8=Q Rxc8 17. Qxc8+ Nd8 18. Bb5+ Ke7 19. Qd7+ Kf6 20. Qd4+ Kf5 21. Qxb4 Re8+ 22. Be3 Ne6 23. Bxe8 Nc7 24. Qf4+ Kg6 25. Qxf7# 1-0

[Event "1st FIDE OWCCCC Pools-East 2021"]
[Site "Online"]
[Date "2021.02.19"]
[Round "1.63"]
[White "Pandey Aditya"]
[Black "Sanjeev, Kumar"]
[Result "0-1"]
[WhiteElo "1328"]
[BlackElo "2102"]
[Annotator "NA"]
[PlyCount "160"]
[EventDate "2021.02.19"]
[EventType "team-tourn"]
[EventCountry "NET"]
[SourceTitle "playchess.com"]
[Source "ChessBase"]
[SourceQuality "1"]

1. Nf3 b6 2. e4 Bb7 3. Nc3 e6 4. d4 Bb4 5. Bd3 Nf6 6. Nd2 h6 7. a3 Bxc3 8. bxc3 O-O 9. O-O d6 10. Qe2 Nbd7 11. c4 Rc8 12. Bb2 Re8 13. d5 exd5 14. cxd5 Nc5 15. Qf3 Ncd7 16. Bxf6 Qxf6 17. Qxf6 Nxf6 18. Rfe1 c6 19. c4 cxd5 20. cxd5 Rc3 21. Bf1 Rc2 22. Rad1 Bxd5 23. exd5 Rxe1 24. Rxe1 Rxd2 25. Re7 Nxd5 26. Rxa7 Nc3 27. Re7 d5 28. g3 Ne4 29. Re8+ Kh7 30. f3 Nc5 31. Rb8 Rb2 32. Rc8 d4 33. Rd8 Rb3 34. Rd6 d3 35. Kf2 Rxa3 36. Rxb6 d2 37. Rd6 Ra2 38. Be2 Nb3 39. Ke3 Ra1 40. Rd3 Re1 41. Kf2 Rh1 42. Rxb3 d1=Q 43. Bxd1 Rxd1 44. Rb7 Rd2+ 45. Kg1 f6 46. Re7 Kg6 47. h3 h5 48. Re4 Rd3 49. Kf2 Rd2+ 50. Re2 Rd3 51. h4 Kf7 52. Kg2 g6 53. Ra2 Rd7 54. g4 hxg4 55. fxg4 Rd3 56. Rf2 Re3 57. g5 f5 58. h5 Re4 59. Rf3 Rg4+ 60. Rg3 Rxg3+ 61. Kxg3 gxh5 62. Kh3 Kg6 63. Kh4 f4 64. Kh3 Kxg5 65. Kg2 Kg4 66. Kf2 h4 67. Kg2 h3+ 68. Kh2 Kh4 69. Kg1 Kg3 70. Kh1 f3 71. Kg1 f2+ 72. Kf1 h2 73. Ke2 h1=Q 74. Ke3 f1=Q 75. Kd4 Qhg2 76. Ke5 Qge2+ 77. Kd4 Qfd1+ 78. Kc5 Qec2+ 79. Kb4 Qdb1+ 80. Ka5 Qca2# 0-1

[Event "1st FIDE OWCCCC Pools-East 2021"]
[Site "Online"]
[Date "2021.02.19"]
[Round "1.63"]
[White "Kaya, Burcu"]
[Black "Kothari, Tejas"]
[Result "0-1"]
[WhiteElo "1106"]
[BlackElo "1886"]
[Annotator "NA"]
[PlyCount "82"]
[EventDate "2021.02.19"]
[EventType "team-tourn"]
[EventCountry "NET"]
[SourceTitle "playchess.com"]
[Source "ChessBase"]
[SourceQuality "1"]

1. e4 e6 2. Nf3 d5 3. e5 c5 4. d4 Nc6 5. Be3 Qb6 6. b3 cxd4 7. Nxd4 Nxd4 8. Bxd4 Bc5 9. c3 Qc7 10. b4 Bb6 11. a4 a5 12. Bb5+ Bd7 13. Bxd7+ Kxd7 14. b5 Ne7 15. O-O Ng6 16. Qd2 Rhd8 17. Re1 Ke8 18. Qe3 Bxd4 19. Qxd4 Rdc8 20. Re3 Qd7 21. f4 Rc4 22. Qd1 Rxf4 23. Rf3 Rxf3 24. Qxf3 Nxe5 25. Qh5 g6 26. Qxe5 Rc8 27. Nd2 Qe7 28. Ne4 dxe4 29. Qh8+ Qf8 30. Qxh7 Rxc3 31. Qh4 Qc5+ 32. Kf1 Qc4+ 33. Kg1 Qd4+ 34. Kf1 Qd3+ 35. Kg1 Qd4+ 36. Kf1 Rc2 37. Qe1 Qd3+ 38. Kg1 Re2 39. Qf1 Qe3+ 40. Kh1 g5 41. Rd1 g4 0-1

[Event "1st FIDE OWCCCC Pools-East 2021"]
[Site "Online"]
[Date "2021.02.19"]
[Round "1.64"]
[White "Anand, Ashish"]
[Black "Sen, Ufuk"]
[Result "1-0"]
[WhiteElo "1914"]
[BlackElo "1053"]
[Annotator "NA"]
[PlyCount "91"]
[EventDate "2021.02.19"]
[EventType "team-tourn"]
[EventCountry "NET"]
[SourceTitle "playchess.com"]
[Source "ChessBase"]
[SourceQuality "1"]

1. e4 e5 2. Nf3 Nc6 3. d4 d5 4. Bb5 Bd7 5. Bxc6 Bxc6 6. Nxe5 Nf6 7. exd5 Nxd5 8. O-O Bd6 9. Nxc6 Qh4 10. Re1+ Ne7 11. Ne5 O-O 12. Nf3 Qh5 13. Nc3 Rae8 14. Ne4 Nd5 15. Nxd6 cxd6 16. c4 Rxe1+ 17. Qxe1 Nf6 18. h3 Re8 19. Be3 h6 20. Rc1 b6 21. Qb4 Ne4 22. Qb5 Nf6 23. Qxh5 Nxh5 24. c5 bxc5 25. dxc5 dxc5 26. Rxc5 Rd8 27. Rxh5 Rd1+ 28. Kh2 Ra1 29. Ra5 Rb1 30. b3 Rb2 31. Rxa7 Rb1 32. Bc5 f6 33. b4 Kh7 34. a4 Kg6 35. a5 Ra1 36. a6 Kf5 37. b5 g6 38. b6 Ra5 39. b7 Rb5 40. Ra8 Ke6 41. b8=Q Rxb8 42. Rxb8 Kd5 43. Be3 g5 44. a7 g4 45. hxg4 Ke4 46. a8=Q+ 1-0

[Event "1st FIDE OWCCCC Pools-East 2021"]
[Site "Online"]
[Date "2021.02.19"]
[Round "1.64"]
[White "Maity, Rupesh"]
[Black "Saket K Rao"]
[Result "1-0"]
[WhiteElo "1475"]
[BlackElo "1166"]
[Annotator "NA"]
[PlyCount "129"]
[EventDate "2021.02.19"]
[EventType "team-tourn"]
[EventCountry "NET"]
[SourceTitle "playchess.com"]
[Source "ChessBase"]
[SourceQuality "1"]

1. e4 c5 2. Bc4 d6 3. d3 Nc6 4. Be3 g6 5. Ne2 Bg7 6. c3 Nf6 7. Qd2 a6 8. a4 Bd7 9. O-O O-O 10. Bh6 Ne5 11. Bb3 b5 12. axb5 Bxb5 13. c4 Bd7 14. Bxg7 Kxg7 15. Nf4 e6 16. Nc3 Nc6 17. Bc2 a5 18. Nb5 Nb4 19. Nxd6 Qc7 20. e5 Ng4 21. h3 Nxe5 22. Ne4 f5 23. Ng5 Rae8 24. Rfe1 Qd6 25. Rxa5 Nxc4 26. Nfxe6+ Bxe6 27. Nxe6+ Kg8 28. Nxf8 Rxf8 29. Bb3 Qxd3 30. Qxd3 Nxd3 31. Bxc4+ Kg7 32. Bxd3 Rc8 33. Ra7+ Kh6 34. Ree7 Kg5 35. Bc4 Rb8 36. b3 Rb6 37. Rxh7 Rd6 38. Rac7 Rd1+ 39. Kh2 Rd2 40. f3 Kf6 41. Rxc5 Rd6 42. Rf7+ Kg5 43. Ra7 Kh6 44. Kg3 Kg5 45. Re7 Kf6 46. Rec7 Kg5 47. R7c6 Rd8 48. b4 Rb8 49. b5 Kh6 50. b6 Kg5 51. Rd5 Kh6 52. Rdd6 Kh7 53. Rc7+ Kh6 54. b7 Rf8 55. Rdc6 f4+ 56. Kh2 Re8 57. Rc8 Re1 58. b8=Q Re7 59. Qxf4+ Kg7 60. Qd4+ Kh6 61. Qh4+ Kg7 62. Qxe7+ Kh6 63. Qe6 Kh5 64. Qxg6+ Kh4 65. Qg4# 1-0

[Event "1st FIDE OWCCCC Pools-East 2021"]
[Site "Online"]
[Date "2021.02.19"]
[Round "1.64"]
[White "Pattnaik, Aditi Upasana"]
[Black "Rangarajan, Anand"]
[Result "0-1"]
[WhiteElo "1002"]
[BlackElo "1718"]
[Annotator "NA"]
[PlyCount "164"]
[EventDate "2021.02.19"]
[EventType "team-tourn"]
[EventCountry "NET"]
[SourceTitle "playchess.com"]
[Source "ChessBase"]
[SourceQuality "1"]

1. e4 e5 2. Nf3 Nc6 3. Bc4 Bc5 4. c3 d6 5. d4 exd4 6. cxd4 Bb6 7. Nc3 h6 8. h3 Nge7 9. O-O O-O 10. Be3 Ng6 11. Re1 Nh4 12. Nxh4 Qxh4 13. Qf3 Bxd4 14. Nb5 Bb6 15. Bxb6 axb6 16. a3 Ne5 17. Qc3 Bd7 18. Rac1 Ra5 19. Nxc7 Rc5 20. b3 b5 21. Nxb5 Bxb5 22. Qd4 Nxc4 23. bxc4 Bc6 24. Qxd6 Rg5 25. Qd3 Re5 26. Qg3 Qxg3 27. fxg3 Rxe4 28. Rxe4 Bxe4 29. Kf2 Ra8 30. Rc3 Rc8 31. g4 Bd5 32. c5 b6 33. g3 bxc5 34. Ke3 Bg2 35. h4 Kf8 36. a4 Ke7 37. Kf4 Kd6 38. Ke3 Ra8 39. Ra3 Kd5 40. Kd3 c4+ 41. Ke3 Kc5 42. a5 Kb4 43. Ra2 Bc6 44. Kd4 Rd8+ 45. Ke3 Rd5 46. a6 Ra5 47. Rxa5 Kxa5 48. a7 Ka6 49. Kd4 Kb5 50. Kc3 Kc5 51. g5 hxg5 52. hxg5 f6 53. gxf6 gxf6 54. Kc2 Kd4 55. Kd2 c3+ 56. Kc2 Kc4 57. Kc1 Kd3 58. Kd1 Ke3 59. Kc2 Kf3 60. Kxc3 Kxg3 61. Kd4 f5 62. Ke3 f4+ 63. Ke2 Kg2 64. Ke1 f3 65. Kd1 f2 66. a8=Q Bxa8 67. Ke2 f1=Q+ 68. Ke3 Qf3+ 69. Kd4 Qe2 70. Kc3 Qd1 71. Kc4 Qd5+ 72. Kc3 Kf2 73. Kc2 Ke2 74. Kc3 Qd3+ 75. Kb4 Qc2 76. Kb5 Be4 77. Kb4 Kd3 78. Kb5 Qc4+ 79. Kb6 Qc6+ 80. Ka5 Qb7 81. Ka4 Kc4 82. Ka3 Qb3# 0-1

[Event "1st FIDE OWCCCC Pools-East 2021"]
[Site "Online"]
[Date "2021.02.19"]
[Round "1.65"]
[White "Savadiya, Apurwa"]
[Black "Gailliegue, Florian"]
[Result "0-1"]
[WhiteElo "1258"]
[BlackElo "2049"]
[Annotator "TA"]
[PlyCount "82"]
[EventDate "2021.02.19"]
[EventType "team-tourn"]
[EventCountry "NET"]
[SourceTitle "playchess.com"]
[Source "ChessBase"]
[SourceQuality "1"]

1. e4 d6 2. Nf3 Bg4 3. Nc3 Nf6 4. h3 Bh5 5. d3 e6 6. Bg5 Be7 7. Be2 O-O 8. e5 dxe5 9. Nxe5 Bxe2 10. Qxe2 Nbd7 11. O-O h6 12. Bh4 Nd5 13. Bxe7 Nxc3 14. bxc3 Qxe7 15. Ng4 Qc5 16. c4 e5 17. Rab1 b6 18. Rb5 Qa3 19. Ra1 c6 20. Rb3 Qd6 21. Re1 Rfe8 22. Ne3 Nc5 23. Rc3 Qd4 24. Nd1 Re6 25. Qf3 Rd8 26. Ra3 a5 27. Nc3 e4 28. dxe4 Qxc4 29. e5 Qb4 30. Nd1 Qxe1+ 31. Kh2 Rxd1 32. Re3 Qd2 33. Re2 Qd5 34. Qh5 Rd2 35. Re3 Rxf2 36. Rg3 Qxe5 37. Qg4 Rg6 38. Qc8+ Kh7 39. Qg4 Rxg4 40. hxg4 Ne4 41. Kh3 Qxg3# 0-1

[Event "1st FIDE OWCCCC Pools-East 2021"]
[Site "Online"]
[Date "2021.02.19"]
[Round "1.65"]
[White "Durdiyev, Maksat"]
[Black "Artemiev, Vladislav"]
[Result "0-1"]
[WhiteElo "946"]
[BlackElo "2709"]
[Annotator "TA"]
[PlyCount "66"]
[EventDate "2021.02.19"]
[EventType "team-tourn"]
[EventCountry "NET"]
[SourceTitle "playchess.com"]
[Source "ChessBase"]
[SourceQuality "1"]

1. e4 c5 2. Nf3 e6 3. g3 Nc6 4. d3 g6 5. Bg2 Bg7 6. O-O Nge7 7. Re1 O-O 8. a3 d6 9. Nbd2 b5 10. Nf1 Bb7 11. h3 a5 12. a4 b4 13. N1h2 Qd7 14. Rb1 Rae8 15. Bg5 h6 16. Bxe7 Nxe7 17. Ng4 Qxa4 18. Ra1 Qb5 19. Ra2 f5 20. exf5 Nxf5 21. Qa1 Nxg3 22. Rxa5 Qb6 23. fxg3 Bxf3 24. Ra6 Qb7 25. Rxd6 Bxg2 26. Rdxe6 Rxe6 27. Rxe6 Bxh3 28. Nxh6+ Bxh6 29. Rxg6+ Kh7 30. Rxh6+ Kxh6 31. Qc1+ Kg6 32. Qd2 Rf1+ 33. Kh2 Qh1# 0-1

[Event "1st FIDE OWCCCC Pools-East 2021"]
[Site "Online"]
[Date "2021.02.19"]
[Round "1.65"]
[White "Zaa, Jose"]
[Black "Levitan, Ronit"]
[Result "0-1"]
[WhiteElo "743"]
[BlackElo "2048"]
[Annotator "NA"]
[PlyCount "44"]
[EventDate "2021.02.19"]
[EventType "team-tourn"]
[EventCountry "NET"]
[SourceTitle "playchess.com"]
[Source "ChessBase"]
[SourceQuality "1"]

1. e4 e5 2. Nf3 Nc6 3. Bc4 Bc5 4. Nc3 Nf6 5. d3 d6 6. O-O h6 7. Be3 Bb6 8. Bxb6 axb6 9. Re1 Bg4 10. h3 Bh5 11. g4 Nxg4 12. Nd5 Nf6 13. Nxf6+ Qxf6 14. Re3 Nd4 15. Kf1 Nxf3 16. Rxf3 Bxf3 17. Bb5+ c6 18. Qxf3 Qxf3 19. Re1 cxb5 20. a3 Rc8 21. Re3 Qh1+ 22. Ke2 Rxc2# 0-1

[Event "1st FIDE OWCCCC Pools-East 2021"]
[Site "Online"]
[Date "2021.02.19"]
[Round "1.66"]
[White "White, John S."]
[Black "Coronel, Eddymar"]
[Result "1-0"]
[WhiteElo "2235"]
[BlackElo "1306"]
[Annotator "NA"]
[PlyCount "57"]
[EventDate "2021.02.19"]
[EventType "team-tourn"]
[EventCountry "NET"]
[SourceTitle "playchess.com"]
[Source "ChessBase"]
[SourceQuality "1"]

1. e4 e5 2. Nf3 Nc6 3. d4 Nxd4 4. Nxd4 exd4 5. Qxd4 d6 6. Bc4 Be6 7. O-O c5 8. Qd3 Bxc4 9. Qxc4 Nf6 10. Nc3 Be7 11. Bf4 O-O 12. Rad1 Qd7 13. e5 d5 14. exf6 dxc4 15. Rxd7 Bxf6 16. Rxb7 Bxc3 17. bxc3 h6 18. Bd6 Rfe8 19. Bxc5 Re2 20. Rxa7 Rxa7 21. Bxa7 Rxc2 22. Bd4 Rxa2 23. g3 Kf8 24. Kg2 g5 25. Re1 f5 26. Re6 f4 27. Rxh6 Rd2 28. Rc6 fxg3 29. hxg3 1-0

[Event "1st FIDE OWCCCC Pools-East 2021"]
[Site "Online"]
[Date "2021.02.19"]
[Round "1.66"]
[White "Boyko, Igor K."]
[Black "A S M Khalid, Hasan"]
[Result "1-0"]
[WhiteElo "1977"]
[BlackElo "1585"]
[Annotator "NA"]
[PlyCount "45"]
[EventDate "2021.02.19"]
[EventType "team-tourn"]
[EventCountry "NET"]
[SourceTitle "playchess.com"]
[Source "ChessBase"]
[SourceQuality "1"]

1. e4 c5 2. c3 Nf6 3. e5 Nd5 4. d4 d6 5. exd6 exd6 6. c4 Nf6 7. dxc5 d5 8. cxd5 Qxd5 9. Bb5+ Bd7 10. Qe2+ Be7 11. Nf3 Bxb5 12. Qxb5+ Nc6 13. O-O O-O 14. Nc3 Qxc5 15. Be3 Qxb5 16. Nxb5 a6 17. Nbd4 Bc5 18. Nxc6 Bxe3 19. Ne7+ Kh8 20. fxe3 Rfe8 21. Nf5 g6 22. Nd6 Re7 23. e4 1-0

[Event "1st FIDE OWCCCC Pools-East 2021"]
[Site "Online"]
[Date "2021.02.19"]
[Round "1.67"]
[White "Villegas, Juan Carlos"]
[Black "Shishkin, Aleksey A."]
[Result "0-1"]
[WhiteElo "2070"]
[BlackElo "2155"]
[Annotator "NA"]
[PlyCount "78"]
[EventDate "2021.02.19"]
[EventType "team-tourn"]
[EventCountry "NET"]
[SourceTitle "playchess.com"]
[Source "ChessBase"]
[SourceQuality "1"]

1. e4 c6 2. Nf3 d5 3. Nc3 d4 4. Nxd4 Qxd4 5. d3 e5 6. Be3 Qd8 7. Be2 Nf6 8. O-O Be6 9. d4 exd4 10. Bxd4 Be7 11. e5 Nd5 12. Nxd5 Bxd5 13. c3 O-O 14. b3 Nd7 15. c4 Be6 16. Re1 c5 17. Bc3 Qc7 18. Bf3 Rad8 19. Qc2 Rfe8 20. Rad1 Nf8 21. Bb2 Rxd1 22. Rxd1 Rd8 23. Re1 Ng6 24. Be4 b6 25. Bxg6 fxg6 26. g3 Bg5 27. f4 Be7 28. Qf2 Rf8 29. Kg2 Qc6+ 30. Qf3 Qxf3+ 31. Kxf3 g5 32. h4 gxh4 33. gxh4 Bxh4 34. Rd1 Be7 35. Ke4 h5 36. Rh1 h4 37. Bc3 Bc8 38. Be1 Bb7+ 39. Ke3 Bxh1 0-1

[Event "1st FIDE OWCCCC Pools-East 2021"]
[Site "Online"]
[Date "2021.02.19"]
[Round "1.67"]
[White "Saparova, Oguljeren"]
[Black "Valitov, Arthur"]
[Result "1-0"]
[WhiteElo "1098"]
[BlackElo "999"]
[Annotator "NA"]
[PlyCount "79"]
[EventDate "2021.02.19"]
[EventType "team-tourn"]
[EventCountry "NET"]
[SourceTitle "playchess.com"]
[Source "ChessBase"]
[SourceQuality "1"]

1. d4 Nf6 2. Nf3 g6 3. g3 Bg7 4. Bg2 O-O 5. O-O Re8 6. b3 d6 7. Bb2 Nbd7 8. Nbd2 c5 9. e3 cxd4 10. exd4 e5 11. dxe5 dxe5 12. Re1 Qc7 13. c4 Ng4 14. Ne4 Qb6 15. h3 Ngf6 16. Nxf6+ Bxf6 17. Qc2 Bg7 18. Rad1 f6 19. Rd5 Bf8 20. Red1 Nc5 21. Nh4 e4 22. Bf1 Be6 23. R5d2 g5 24. Ng2 Bxh3 25. Ne3 Bxf1 26. Kxf1 Nd3 27. Nd5 Qa5 28. Nxf6+ Kf7 29. Nxe8 Rxe8 30. Qc3 Qxc3 31. Bxc3 Bc5 32. Re2 Nxf2 33. Rxf2+ Bxf2 34. Kxf2 Ke6 35. Ke3 Kf5 36. Rd7 h5 37. Rxb7 Kg4 38. Rg7 h4 39. gxh4 Kxh4 40. Bf6 1-0

[Event "1st FIDE OWCCCC Pools-East 2021"]
[Site "Online"]
[Date "2021.02.19"]
[Round "1.68"]
[White "Goldberg, Ilya"]
[Black "Rapport, Richard"]
[Result "1-0"]
[WhiteElo "938"]
[BlackElo "2763"]
[Annotator "TA"]
[PlyCount "89"]
[EventDate "2021.02.19"]
[EventType "team-tourn"]
[EventCountry "NET"]
[SourceTitle "playchess.com"]
[Source "ChessBase"]
[SourceQuality "1"]

1. e4 e5 2. Qf3 Nf6 3. Bc4 d6 4. h3 a6 5. Ne2 Nc6 6. c3 b5 7. Bd5 Nxd5 8. exd5 Ne7 9. O-O g5 10. d3 Bh6 11. h4 gxh4 12. Bxh6 Ng6 13. d4 exd4 14. Nxd4 Ne5 15. Qf4 f6 16. Bg7 Rf8 17. Bxf8 Kxf8 18. Qh6+ Ke7 19. Qxh7+ Nf7 20. Nf5+ Bxf5 21. Re1+ Kf8 22. Qxf5 Ne5 23. Qh7 Qe8 24. Qh6+ Kf7 25. Qh5+ Kf8 26. Qh6+ Kf7 27. Nd2 Qf8 28. Qh5+ Ng6 29. Ne4 Re8 30. Ng5+ fxg5 31. Qh7+ Kf6 32. Re6+ Rxe6 33. dxe6 Kxe6 34. Qxg6+ Ke7 35. Re1+ Kd7 36. Qe6+ Kc6 37. Qe4+ d5 38. Qe6+ Kc5 39. b4+ Kc4 40. Re4+ Kd3 41. Qxd5+ Kxc3 42. Qd4+ Kc2 43. Re2+ Kc1 44. Qd2+ Kb1 45. Re1# 1-0

[Event "1st FIDE OWCCCC Pools-East 2021"]
[Site "Online"]
[Date "2021.02.19"]
[Round "1.69"]
[White "Rosenberg, Daniel B"]
[Black "Husain, S Mazhar"]
[Result "1-0"]
[WhiteElo "2200"]
[BlackElo "2250"]
[Annotator "NA"]
[PlyCount "77"]
[EventDate "2021.02.19"]
[EventType "team-tourn"]
[EventCountry "NET"]
[SourceTitle "playchess.com"]
[Source "ChessBase"]
[SourceQuality "1"]

1. e4 e5 2. Nf3 Nc6 3. Bc4 h6 4. O-O Nf6 5. Qe2 Bc5 6. c3 O-O 7. a4 a6 8. b4 Ba7 9. b5 Na5 10. Nxe5 Qe7 11. d4 d6 12. Ng6 Qxe4 13. Nxf8 Qxe2 14. Bxe2 Kxf8 15. Nd2 Bf5 16. Ba3 Rc8 17. c4 Bxd4 18. Rac1 Re8 19. Rfe1 Ne4 20. Nxe4 Bxe4 21. Bf3 Bxf3 22. Rxe8+ Kxe8 23. gxf3 Nb3 24. Rd1 Be5 25. Rd3 Nd4 26. Kg2 axb5 27. Bb2 c5 28. Bxd4 Bxd4 29. axb5 b6 30. f4 f5 31. Ra3 Kd7 32. Ra7+ Kc8 33. Rf7 Kd8 34. Rxf5 Ke7 35. Rh5 Kf6 36. Kf3 Kg6 37. Rh3 Kf5 38. Rh5+ Kg6 39. Rd5 1-0

[Event "1st FIDE OWCCCC Pools-East 2021"]
[Site "Online"]
[Date "2021.02.19"]
[Round "1.69"]
[White "Popov, Dmitry B."]
[Black "B K, Kumara keshav"]
[Result "0-1"]
[WhiteElo "2049"]
[BlackElo "1956"]
[Annotator "NA"]
[PlyCount "60"]
[EventDate "2021.02.19"]
[EventType "team-tourn"]
[EventCountry "NET"]
[SourceTitle "playchess.com"]
[Source "ChessBase"]
[SourceQuality "1"]

1. Nf3 Nf6 2. g3 g6 3. Bg2 Bg7 4. d4 O-O 5. O-O d6 6. Nc3 Nfd7 7. e3 Nc6 8. Re1 e5 9. d5 Ne7 10. e4 h6 11. Be3 f5 12. Nd2 f4 13. gxf4 exf4 14. Bxf4 Rxf4 15. Nf3 Ne5 16. Qd2 Rxf3 17. Qd1 Bg4 18. Qd2 g5 19. h3 Bxh3 20. Bxh3 Rxh3 21. Re3 Qd7 22. Kf1 Qg4 23. Rxh3 Qxh3+ 24. Ke2 Qf3+ 25. Ke1 N7g6 26. Nd1 Nf4 27. Ne3 Qh1+ 28. Nf1 Nf3+ 29. Kd1 Qxf1+ 30. Qe1 Qxe1# 0-1

[Event "1st FIDE OWCCCC Pools-East 2021"]
[Site "Online"]
[Date "2021.02.19"]
[Round "1.69"]
[White "Nishant Gupta"]
[Black "Fernandes, Gervano"]
[Result "1-0"]
[WhiteElo "1210"]
[BlackElo "1291"]
[Annotator "NA"]
[PlyCount "71"]
[EventDate "2021.02.19"]
[EventType "team-tourn"]
[EventCountry "NET"]
[SourceTitle "playchess.com"]
[Source "ChessBase"]
[SourceQuality "1"]

1. c4 c5 2. Nc3 Nc6 3. Nf3 g6 4. e3 Bg7 5. a3 d6 6. h3 Bf5 7. d4 b6 8. Be2 e6 9. Qa4 Qd7 10. d5 exd5 11. cxd5 Ne5 12. Bb5 Nxf3+ 13. gxf3 Qxb5 14. Qxb5+ Bd7 15. Qd3 Ne7 16. e4 O-O 17. h4 f5 18. h5 fxe4 19. fxe4 Bd4 20. f3 Rae8 21. Bd2 Nf5 22. O-O-O Ng3 23. hxg6 Nxh1 24. gxh7+ Kxh7 25. Rxh1+ Kg7 26. Bh6+ Kf7 27. Bxf8 Rxf8 28. e5 Ke7 29. e6 Be8 30. Rh7+ Kd8 31. Ne4 Rg8 32. e7+ Kd7 33. Qa6 Rg1+ 34. Kd2 Bg6 35. Qb7+ Ke8 36. Nxd6# 1-0

[Event "1st FIDE OWCCCC Pools-East 2021"]
[Site "Online"]
[Date "2021.02.19"]
[Round "1.70"]
[White "Bhavsar, Dipen K"]
[Black "Kuimov, Vasily"]
[Result "1-0"]
[WhiteElo "1545"]
[BlackElo "1378"]
[Annotator "NA"]
[PlyCount "50"]
[EventDate "2021.02.19"]
[EventType "team-tourn"]
[EventCountry "NET"]
[SourceTitle "playchess.com"]
[Source "ChessBase"]
[SourceQuality "1"]

1. e4 d5 2. exd5 Qxd5 3. Nc3 Qa5 4. d4 Nf6 5. Bc4 c6 6. Nf3 e6 7. h3 Bd6 8. Bg5 Nbd7 9. Qd3 h6 10. Bd2 b5 11. Nxb5 cxb5 12. Bxa5 Bb7 13. Bxb5 O-O 14. c3 Nb6 15. Ne5 Nbd5 16. Bc6 Bxc6 17. Nxc6 Nf4 18. Qf3 N6d5 19. c4 Nf6 20. c5 Bb8 21. Nxb8 Raxb8 22. Qxf4 Rxb2 23. O-O Nd5 24. Qd6 g5 25. Rfb1 Rd2 1-0